The American presidency

में बचाया:
ग्रंथसूची विवरण
मुख्य लेखक: Rossiter, Clinton
स्वरूप: पुस्तक
भाषा:Undetermined
प्रकाशित: New York Harcourt, Brace and World 1963
टैग : टैग जोड़ें
कोई टैग नहीं, इस रिकॉर्ड को टैग करने वाले पहले व्यक्ति बनें!
Thư viện lưu trữ: Trung tâm Học liệu Trường Đại học Cần Thơ
LEADER 00460nam a2200169Ia 4500
001 CTU_40833
008 210402s9999 xx 000 0 und d
082 |a 320.973 
082 |b R831 
100 |a Rossiter, Clinton 
245 4 |a The American presidency 
245 0 |c Clinton Rossiter 
260 |a New York 
260 |b Harcourt, Brace and World 
260 |c 1963 
904 |i Minh, Giang sửa 
980 |a Trung tâm Học liệu Trường Đại học Cần Thơ